00442nam a22001577a 450000500170000001000130001702000250003003500130005503700090006808200110007710000280008824500520011626000370016827000590020530000200026420210603152353.0 aB-739966 a9788126015757c50.00 aB-739966 bGift a181.46 aRaghunathacharya, S. B. aŚankarācārya /cby S. B. Raghunathacharya aNew DelhibSahitya Akademic2016 aRabindra Bhavan, 35, Ferozshah RoadbNew Delhie110001 a81p.c22cm(pbk)